00415nam a2200169Ia 4500008004100000020001800041245004400059245002400103260001500127260001600142260000900158300001600167300002500183300001000208500000800218999001900226170705s9999 xx 000 0 und d a9780545151344 4aThe last summer of the death warriors / cFrancisco X. Stork. aNew York : bScholastic, c2012 a344 pages : bcolor illustration ; c19cm. a640 c336240d336240